| 000 | 01257cab a22002175a 4500 | ||
|---|---|---|---|
| 001 | l136994 | ||
| 008 | 070308e2007 xxk 000 0 eng d | ||
| 035 | _a(Sirsi) u136994 | ||
| 041 | 0 | _aeng | |
| 110 | 2 |
_aRoyal Institution of Chartered Surveyors _bEconomics _95033 |
|
| 245 | 0 | 0 |
_aRICS UK Economic Brief November/December 2006 _brobust economy points to further interest rate rise in the New Year _h[electronic resource] |
| 260 |
_aLondon _bRICS _c2007 |
||
| 490 | 0 |
_aRICS UK Economic Brief _vNovember/December 2006 |
|
| 520 | _aDiscusses the August and November interest rate rises, and the projected rise in interest rates in following months. Discusses the Bank of England?s decisions with reference to rising consumer spending, rising business investment, strong economic growth in UK export markets and the rapid increases in broad money and asset prices. Discusses how rising interest rates may cool the property market, while at the same time promote economic stability. | ||
| 590 | _aKA | ||
| 650 | 2 | 4 | _aRICS UK ECONOMIC BRIEF |
| 651 | 4 |
_aUnited Kingdom _y |
|
| 690 | _aPROPERTY-PROPERTY MARKET | ||
| 856 | 4 | 0 |
_uhttps://www.rics.org/site/download_feed.aspx?fileID=930&fileExtension=PDF _zView the item free of charge at www.rics.org |
| 942 | _n0 | ||
| 999 |
_c78525 _d78525 |
||